000 00811cam a2200205 4500
001 WB3638-13
008 000000n2000 000 0 eng u
035 _a(Sirsi) u108477
245 _aWales: house prices slow
260 _c2000
490 _aWestern Mail
_v26 September 2000, 7(1)
520 _aFigures from the Principality Building Society indicate a lull in house price inflation in Wales. The overall increase of 6.4% three months ago has dropped to 5.8% in the 12 months to the end of September 2000, suggesting that house prices are returning to a more sustainable level. Map.
590 _aWB
650 _aWALES
650 _aHOUSE PRICE INFLATION
650 _aINFLATION
650 _aHOUSE PRICES
690 _aPROPERTY-RESIDENTIAL PROPERTY-RESIDENTIAL PROPERTY MARKET
942 _n0
999 _c64766
_d64766